Normal view MARC view
  • Martínez Lozano, Consuelo Patricia

Entry Nombre Personal

Number of records used in: 1

001 - NUMERO DE CONTROL

  • campo de control: 42207

003 - IDENTIFICADOR DE NUMERO DE CONTROL

  • campo de control: UPN

005 - FECHA Y HORA DE LA ÜLTIMA TRANSACCIÓN

  • campo de control: 20210219194616.0

008 - DATOS DE LONGITUD FIJA

  • campo de control de longitud fija: nabaccnnaabn|||||||||| b |nc|||||d

035 ## - NUMERO DE CONTROL

  • Número de control: UPN11000014314

040 ## - FUENTE DE CATALOGACIÓN

  • Lenguaje de catalogación: SPA
  • Agencia de transcripción: UPN

100 1# - ENCABEZAMIENTO - NOMBRE PERSONAL

  • Nombre personal: Martínez Lozano, Consuelo Patricia

670 ## - FUENTE EN LA QUE SE LOCALIZARON DATOS

  • Cita de la fuente: T
  • Uniform Resource Identifier: http://www.fcc.uaslp.mx/Documents/posgrado/06%20Dra.%20Lozano.pdf

680 ## - NOTA PUBLICA DE ACCESO PÚBLICO

  • Frase explicativa de la referencia: Dra. en Ciencias Sociales con especialidad en Antropología Social (CIESAS-Occidente). Mtra. en Desarrollo Regional (COLEF-Tijuana). Lic. en Ciencias de la Comunicación (UABC-Mexicali) con Diplomado en Derechos Humanos (UABC-Mexicali). Sus líneas de investigación se concentran en los estudios de género, jóvenes, violencia, multiculturalidad, sentido del humor y escritura.

902 ## - CATALOGADOR

  • Catalogador: EMR/050219